000
00513nam a2200181Ia 4500
008
100917s9999 xx 000 0 und d
082
_b
61054
100
_a
प्रभु सुधाकर
245
_a
मोहनिया
260
_b
जगताप कारले प्रकाशन
_c
1970
300
_a
64
365
_b
2
520
_a
बालविभाग
630
_a
मोहनिया
650
_a
बालविभाग
730
_a
मोहनिया
942
_c
BOOK
999
_c
666448
_d
666445